000 00732nam a2200289Ia 4500
005 20260324122145.0
008 008 260324s9999 xx 000 0 eng d
020 _a9781315886275
037 _aEBOOK
040 _aCRL
040 _beng
040 _cCRL
041 _2eng
041 _aeng
084 _qCRL
100 _aRosalyn Hyde; Julie-Ann Edwards
_91165341
245 0 _aMentoring Mathematics Teachers
245 0 _bSupporting and inspiring pre-service and newly qualified teachers
260 _bTaylor and Francis
260 _c2013
365 _a
365 _b280
856 _uhttp://www.taylorfrancis.com/books/9781315886275
942 _cEBOOK
999 _c1757876
_d1757876